[Event "ROM-chT div-A"]
[Site "Predeal"]
[Date "2006.11.05"]
[Round "2"]
[White "Grecescu, Gabriel Andrei"]
[Black "Kocsis, Levente"]
[Result "1/2-1/2"]
[WhiteElo "2405"]
[BlackElo "2380"]
[PlyCount "42"]
[EventDate "2006.11.04"]
[EventType "team"]
[EventRounds "9"]
[EventCountry "ROU"]
[SourceTitle "EXT 2007"]
[Source "ChessBase"]
[SourceDate "2006.11.23"]
[SourceVersion "1"]
[SourceVersionDate "2006.11.23"]
[SourceQuality "1"]

1. d4 Nf6 2. Nf3 g6 3. Nbd2 d5 4. b4 Bg7 5. e3 0-0 6. Bb2 b6 7. a4 c5 8. b5 Nbd7 9. Be2 Bb7 10. 0-0 Ne4 11. Nxe4 dxe4 12. Nd2 cxd4 13. exd4 e5 14. Nc4 exd4 15. Bxd4 Bxd4 16. Qxd4 Nc5 17. Qc3 Qc7 18. Ne3 Ne6 19. Bc4 h5 20. a5 Rad8 21. a6 Bd5 1/2-1/2

[Event "BEL-chT 0304"]
[Site "Belgium"]
[Date "2003.12.23"]
[Round "5.4"]
[White "Van der Burch, Arie"]
[Black "Kocsis, Levente"]
[Result "1-0"]
[WhiteElo "2201"]
[BlackElo "2402"]
[PlyCount "105"]
[EventDate "2003.10.01"]
[EventType "team"]
[EventRounds "11"]
[EventCountry "BEL"]
[SourceTitle "CBM 097 Extra"]
[Source "ChessBase"]
[SourceDate "2004.01.13"]
[SourceVersion "1"]
[SourceVersionDate "2004.01.13"]
[SourceQuality "1"]
[WhiteTeam "Borgerhout"]
[BlackTeam "Liege Crelel"]
[WhiteTeamCountry "BEL"]
[BlackTeamCountry "BEL"]

1. d4 Nf6 2. c4 g6 3. Nc3 d5 4. cxd5 Nxd5 5. Nf3 Bg7 6. Qb3 Nb6 7. Bg5 h6 8. Bh4 0-0 9. Rd1 c6 10. e3 Be6 11. Qc2 Nd5 12. Be2 Qa5 13. a3 Re8 14. 0-0 Nd7 15. Bg3 N7b6 16. Ne4 Nd7 17. Ned2 N5b6 18. Rc1 Rac8 19. e4 Nf6 20. b4 Qa4 21. Qb2 Red8 22. Rc5 Nxe4 23. Nxe4 Qb3 24. Qxb3 Bxb3 25. Rc3 Bd5 26. Nc5 Bxf3 27. Bxf3 Bxd4 28. Rc2 Bxc5 29. bxc5 Nd5 30. h3 Rd7 31. Rb2 b5 32. cxb6 Nxb6 33. Rd1 Rxd1+ 34. Bxd1 c5 35. Be2 c4 36. Rc2 Rc5 37. Bf4 Ra5 38. Bc1 Ra4 39. Rc3 h5 40. f4 e6 41. Kf2 Kf8 42. Be3 Ke7 43. Bxb6 axb6 44. Bxc4 Ra5 45. Rb3 Ra4 46. Rc3 Ra5 47. Ke3 Kd6 48. Be2 e5 49. Bf3 exf4+ 50. Kxf4 Rf5+ 51. Ke3 Re5+ 52. Kd4 Ra5 53. Kc4 1-0

[Event "NED-chT 0203"]
[Site "Netherlands"]
[Date "2003.04.12"]
[Round "8.3"]
[White "Ligterink, Gert"]
[Black "Kocsis, Levente"]
[Result "1-0"]
[WhiteElo "2401"]
[BlackElo "2402"]
[PlyCount "55"]
[EventDate "2002.09.28"]
[EventType "team-tourn"]
[EventRounds "9"]
[EventCountry "NED"]
[SourceTitle "EXT 2015"]
[Source "ChessBase"]
[SourceDate "2014.11.20"]
[SourceVersion "1"]
[SourceVersionDate "2014.11.20"]
[SourceQuality "1"]
[WhiteTeam "Groningen"]
[BlackTeam "Nijmegen"]
[WhiteTeamCountry "NED"]
[BlackTeamCountry "NED"]

1. Nf3 Nf6 2. c4 g6 3. Nc3 d5 4. cxd5 Nxd5 5. Qa4+ Bd7 6. Qb3 Nb6 7. d4 Bg7 8. Bg5 Be6 9. Qc2 Nc6 10. Rd1 Nb4 11. Qb1 N4d5 12. e4 Nxc3 13. bxc3 c6 14. Be2 Qc7 15. 0-0 0-0 16. Rfe1 Rfe8 17. Qc1 Bc4 18. Bh6 Bxe2 19. Rxe2 Nc4 20. h4 Qa5 21. Bxg7 Kxg7 22. e5 Rad8 23. h5 Qd5 24. Rde1 Rg8 25. Qf4 Qe6 26. h6+ Kf8 27. Ng5 Qf5 28. Qh4 1-0

[Event "BEL-chT 0203"]
[Site "Belgium"]
[Date "2003.01.12"]
[Round "6.5"]
[White "Kocsis, Levente"]
[Black "Ahn, Martin"]
[Result "1/2-1/2"]
[WhiteElo "2402"]
[BlackElo "2319"]
[PlyCount "34"]
[EventDate "2002.10.06"]
[EventType "team"]
[EventRounds "11"]
[EventCountry "BEL"]
[SourceTitle "EXT 2004"]
[Source "ChessBase"]
[SourceDate "2003.11.25"]
[SourceVersion "1"]
[SourceVersionDate "2003.11.25"]
[SourceQuality "1"]
[WhiteTeam "Liege Crelel"]
[BlackTeam "Rochade"]
[WhiteTeamCountry "BEL"]
[BlackTeamCountry "BEL"]

1. c4 g6 2. Nf3 Bg7 3. d4 Nf6 4. Nc3 0-0 5. e4 d6 6. Be2 e5 7. 0-0 Nc6 8. d5 Ne7 9. Ne1 Nd7 10. Nd3 f5 11. Bd2 Nf6 12. f3 f4 13. g4 h5 14. g5 Nh7 15. h4 Nxg5 16. hxg5 Nf5 17. exf5 Qxg5+ 1/2-1/2

[Event "BEL-chT 0203"]
[Site "Belgium"]
[Date "2002.11.24"]
[Round "3.3"]
[White "Kocsis, Levente"]
[Black "Sielecki, Christof"]
[Result "1/2-1/2"]
[WhiteElo "2402"]
[BlackElo "2390"]
[PlyCount "23"]
[EventDate "2002.10.06"]
[EventType "team"]
[EventRounds "11"]
[EventCountry "BEL"]
[SourceTitle "EXT 2004"]
[Source "ChessBase"]
[SourceDate "2003.11.25"]
[SourceVersion "1"]
[SourceVersionDate "2003.11.25"]
[SourceQuality "1"]
[WhiteTeam "Liege Crelel"]
[BlackTeam "Eupen Rochade"]
[WhiteTeamCountry "BEL"]
[BlackTeamCountry "BEL"]

1. c4 f5 2. d4 Nf6 3. g3 g6 4. Bg2 Bg7 5. Nh3 d6 6. d5 Na6 7. Nc3 0-0 8. 0-0 Nc5 9. Nf4 e5 10. dxe6 c6 11. Rb1 Nxe6 12. Nxe6 1/2-1/2

[Event "BEL-chT 0102"]
[Site "Belgium"]
[Date "2002.10.12"]
[Round "7"]
[White "Kocsis, Levente"]
[Black "Bor, Willem"]
[Result "1-0"]
[WhiteElo "2392"]
[BlackElo "2274"]
[PlyCount "77"]
[EventDate "2001.10.14"]
[EventType "team"]
[EventRounds "11"]
[EventCountry "BEL"]
[SourceTitle "EXT 2003"]
[Source "ChessBase"]
[SourceDate "2002.11.25"]
[SourceVersion "1"]
[SourceVersionDate "2002.11.25"]
[SourceQuality "1"]

1. c4 f5 2. d4 Nf6 3. g3 d6 4. Bg2 g6 5. Nc3 Bg7 6. d5 0-0 7. Nh3 Na6 8. 0-0 Nc5 9. Nf4 Bd7 10. Be3 b6 11. Rc1 a5 12. Re1 Rb8 13. b3 Qe8 14. Bd4 Bh6 15. e3 Qf7 16. h4 Rbe8 17. a3 Nce4 18. Qc2 Nxc3 19. Bxc3 Bg7 20. Red1 Kh8 21. b4 axb4 22. axb4 Ra8 23. Re1 Ng4 24. Ne6 Bxe6 25. dxe6 Qxe6 26. Bxa8 Rxa8 27. Ra1 Rf8 28. Ra7 Qc8 29. c5 bxc5 30. bxc5 e5 31. Rb1 Nf6 32. Rbb7 Ne8 33. Bb2 Qe6 34. cxd6 cxd6 35. Qc6 Rg8 36. Re7 Qb3 37. Rxe8 Qxb2 38. Rxg8+ Kxg8 39. Qe8+ 1-0

[Event "EU-Cup 18th"]
[Site "Kallithea"]
[Date "2002.09.27"]
[Round "6.2"]
[White "Kocsis, Levente"]
[Black "Karttunen, Mika"]
[Result "1/2-1/2"]
[WhiteElo "2392"]
[BlackElo "2434"]
[PlyCount "100"]
[EventDate "2002.09.22"]
[EventType "team-swiss"]
[EventRounds "7"]
[EventCountry "GRE"]
[SourceTitle "CBM 092"]
[Source "ChessBase"]
[SourceDate "2003.02.06"]
[SourceVersion "1"]
[SourceVersionDate "2003.02.06"]
[SourceQuality "1"]
[WhiteTeam "Liege Crelel"]
[BlackTeam "Joensuu SK"]
[WhiteTeamCountry "BEL"]
[BlackTeamCountry "FIN"]

1. c4 c6 2. b3 d5 3. Bb2 Nf6 4. g3 g6 5. Bg2 Bg7 6. Nf3 0-0 7. 0-0 a5 8. Na3 Na6 9. d3 e6 10. Qd2 b6 11. Rfc1 Bb7 12. Qe1 Nc5 13. Rab1 Nfd7 14. Bxg7 Kxg7 15. Nc2 Qf6 16. cxd5 exd5 17. Ncd4 Rfc8 18. Qc3 Rc7 19. a3 Ne6 20. b4 axb4 21. axb4 c5 22. bxc5 bxc5 23. Nb5 Qxc3 24. Nxc3 Bc6 25. Nd2 Nf6 26. Rb6 Ra3 27. Kf1 h5 28. h4 Nd4 29. Rb2 c4 30. Ncb1 Ra4 31. dxc4 dxc4 32. Bxc6 Rxc6 33. e3 Nf5 34. Rbc2 Nd6 35. Nc3 Ra5 36. Ke2 Nd7 37. Nce4 Nxe4 38. Nxe4 Ra4 39. Nc3 Ra5 40. Ne4 Nb6 41. Nd2 Ra4 42. e4 f6 43. f3 Kf7 44. Rc3 Ke7 45. Ke3 Rb4 46. R1c2 f5 47. Rc1 fxe4 48. fxe4 Re6 49. Kf3 Rc6 50. Ke3 Re6 1/2-1/2

[Event "NED-chT 0001"]
[Site "Netherlands"]
[Date "2001.03.25"]
[Round "8.2"]
[White "Kocsis, Levente"]
[Black "Sokolov, Ivan"]
[Result "0-1"]
[WhiteElo "2392"]
[BlackElo "2659"]
[PlyCount "50"]
[EventDate "2000.11.18"]
[EventType "team-tourn"]
[EventRounds "9"]
[EventCountry "NED"]
[SourceTitle "EXT 2002"]
[Source "ChessBase"]
[SourceDate "2001.11.25"]
[SourceVersion "1"]
[SourceVersionDate "2001.11.25"]
[SourceQuality "1"]
[WhiteTeam "Nijmegen"]
[BlackTeam "Ordina Breda"]
[WhiteTeamCountry "NED"]
[BlackTeamCountry "NED"]

1. c4 e5 2. Nc3 Bb4 3. Qb3 Nc6 4. Nd5 a5 5. e3 Nf6 6. a3 Bc5 7. d3 0-0 8. Ne2 Nxd5 9. cxd5 Ne7 10. g3 c6 11. Nc3 d6 12. Bg2 cxd5 13. Nxd5 a4 14. Qb5 Nxd5 15. Bxd5 Bd7 16. Qc4 Rc8 17. Qa2 Bh3 18. b4 axb3 19. Qxb3 Kh8 20. Ke2 f5 21. Be6 Rc7 22. Bb2 Qg5 23. Rac1 Qh5+ 24. Ke1 Qf3 25. Bd5 e4 0-1

[Event "NED-chT 0001"]
[Site "Netherlands"]
[Date "2001.03.03"]
[Round "5.1"]
[White "Rogozenco, Dorian"]
[Black "Kocsis, Levente"]
[Result "1/2-1/2"]
[WhiteElo "2527"]
[BlackElo "2392"]
[PlyCount "45"]
[EventDate "2000.11.18"]
[EventType "team-tourn"]
[EventRounds "9"]
[EventCountry "NED"]
[SourceTitle "EXT 2002"]
[Source "ChessBase"]
[SourceDate "2001.11.25"]
[SourceVersion "1"]
[SourceVersionDate "2001.11.25"]
[SourceQuality "1"]
[WhiteTeam "Magnus/BSG Bussum"]
[BlackTeam "Nijmegen"]
[WhiteTeamCountry "NED"]
[BlackTeamCountry "NED"]

1. d4 Nf6 2. c4 g6 3. Nc3 d5 4. cxd5 Nxd5 5. e4 Nxc3 6. bxc3 c5 7. Bc4 Bg7 8. Ne2 0-0 9. 0-0 Nc6 10. Be3 Bg4 11. f3 Na5 12. Bd5 cxd4 13. cxd4 Bd7 14. Rb1 a6 15. Bxb7 Nxb7 16. Rxb7 Bb5 17. Re1 Qc8 18. Rb6 Qc4 19. a3 e6 20. Qd2 Rfd8 21. Qa5 Rac8 22. e5 Bf8 23. Rb7 1/2-1/2

[Event "ROM-chT"]
[Site "Timisu de Sus"]
[Date "1998.??.??"]
[Round "5"]
[White "Ionescu, Constantin"]
[Black "Kocsis, Levente"]
[Result "1/2-1/2"]
[WhiteElo "2515"]
[BlackElo "2390"]
[PlyCount "82"]
[EventDate "1998.11.??"]
[EventType "team"]
[EventRounds "5"]
[EventCountry "ROU"]
[SourceTitle "EXT 2000"]
[Source "ChessBase"]
[SourceDate "1999.11.16"]
[SourceVersion "1"]
[SourceVersionDate "1999.11.16"]
[SourceQuality "1"]

1. Nf3 Nf6 2. g3 g6 3. Bg2 Bg7 4. 0-0 0-0 5. c4 c6 6. b3 Ne4 7. d4 d5 8. Bb2 Nd7 9. Nbd2 Ndf6 10. Ne5 Bf5 11. Ndf3 a5 12. a3 Qc8 13. cxd5 Nxd5 14. Nh4 Nd6 15. Nxf5 gxf5 16. Qc2 e6 17. e3 Qc7 18. Rac1 Rfd8 19. Rfd1 Qe7 20. Qe2 a4 21. b4 Qg5 22. Rc2 Nb6 23. Nd3 Nd5 24. Rdc1 Ra7 25. Rc5 Bf8 26. Ne5 Rda8 27. R5c2 Rd8 28. Re1 Bg7 29. Nd3 Nb5 30. Rd1 Nd6 31. Ne5 Raa8 32. Rd3 Nb6 33. Rd1 Bxe5 34. dxe5 Nb5 35. Bf1 Rxd1 36. Qxd1 Rd8 37. Rd2 Rxd2 38. Qxd2 Qe7 39. e4 fxe4 40. Qe3 Qd8 41. Qxe4 Qd2 1/2-1/2

[Event "ROM-chT"]
[Site "Sovata"]
[Date "1998.??.??"]
[Round "2"]
[White "Kocsis, Levente"]
[Black "Istratescu, Andrei"]
[Result "1/2-1/2"]
[WhiteElo "2370"]
[BlackElo "2575"]
[PlyCount "36"]
[EventDate "1998.??.??"]
[EventType "team"]
[EventRounds "5"]
[EventCountry "ROU"]
[SourceTitle "EXT 1999"]
[Source "ChessBase"]
[SourceDate "1998.11.16"]
[SourceVersion "1"]
[SourceVersionDate "1998.11.16"]
[SourceQuality "1"]

1. c4 Nf6 2. Nc3 g6 3. Nf3 Bg7 4. e4 d6 5. d4 0-0 6. Be2 a5 7. 0-0 Na6 8. h3 e5 9. dxe5 dxe5 10. Be3 Nd7 11. a3 Nac5 12. b4 Ne6 13. c5 axb4 14. axb4 Rxa1 15. Qxa1 Nd4 16. Qa2 Nb8 17. Bxd4 exd4 18. Rd1 Nc6 1/2-1/2

[Event "ROM-chT"]
[Site "Baile Tusnad"]
[Date "1997.??.??"]
[Round "?"]
[White "Ionescu, Constantin"]
[Black "Kocsis, Levente"]
[Result "1/2-1/2"]
[WhiteElo "2515"]
[BlackElo "2330"]
[PlyCount "54"]
[EventDate "1997.??.??"]
[EventType "team"]
[EventRounds "5"]
[EventCountry "ROU"]
[SourceTitle "EXT 1999"]
[Source "ChessBase"]
[SourceDate "1998.11.16"]
[SourceVersion "1"]
[SourceVersionDate "1998.11.16"]
[SourceQuality "1"]

1. Nf3 Nf6 2. g3 g6 3. b3 Bg7 4. Bb2 d5 5. c4 dxc4 6. bxc4 c5 7. Bg2 0-0 8. 0-0 Nc6 9. d3 Bd7 10. Nbd2 Qc7 11. Nb3 b6 12. a4 Rad8 13. a5 Ne8 14. axb6 axb6 15. Bxg7 Nxg7 16. Qb1 Ra8 17. Qb2 Rxa1 18. Rxa1 Nf5 19. Ra3 Rb8 20. Qa1 f6 21. h3 Kg7 22. g4 Nd6 23. Nbd2 Rb7 24. Nf1 Ra7 25. Ne3 Rxa3 26. Qxa3 Qa7 27. Qb2 Nb4 1/2-1/2

[Event "ROM-chT"]
[Site "Baile Tusnad"]
[Date "1997.??.??"]
[Round "?"]
[White "Kocsis, Levente"]
[Black "Ardeleanu, Alin"]
[Result "1/2-1/2"]
[WhiteElo "2330"]
[BlackElo "2420"]
[PlyCount "29"]
[EventDate "1997.??.??"]
[EventType "team"]
[EventRounds "5"]
[EventCountry "ROU"]
[SourceTitle "EXT 1999"]
[Source "ChessBase"]
[SourceDate "1998.11.16"]
[SourceVersion "1"]
[SourceVersionDate "1998.11.16"]
[SourceQuality "1"]

1. Nf3 g6 2. g3 Bg7 3. Bg2 d6 4. 0-0 c5 5. d4 cxd4 6. Nxd4 Qb6 7. Nb3 Nc6 8. a4 a6 9. Be3 Qc7 10. c3 Nf6 11. N1d2 Ng4 12. Nc4 Nxe3 13. Nxe3 Be6 14. Nd5 Bxd5 15. Bxd5 1/2-1/2

[Event "ROM-chT"]
[Site "Baile Tusnad"]
[Date "1997.??.??"]
[Round "?"]
[White "Tomescu, Vlad"]
[Black "Kocsis, Levente"]
[Result "0-1"]
[WhiteElo "2380"]
[BlackElo "2330"]
[PlyCount "68"]
[EventDate "1997.??.??"]
[EventType "team"]
[EventRounds "5"]
[EventCountry "ROU"]
[SourceTitle "EXT 1999"]
[Source "ChessBase"]
[SourceDate "1998.11.16"]
[SourceVersion "1"]
[SourceVersionDate "1998.11.16"]
[SourceQuality "1"]

1. e4 c5 2. Nf3 d6 3. d4 Nf6 4. Nc3 cxd4 5. Nxd4 a6 6. Bc4 e6 7. Bb3 b5 8. 0-0 Be7 9. Qf3 Qb6 10. Be3 Qb7 11. a3 0-0 12. Rfe1 Nbd7 13. Qg3 Kh8 14. f3 Nc5 15. Ba2 Bd7 16. e5 dxe5 17. Qxe5 Qb8 18. Qxb8 Rfxb8 19. Bf4 Re8 20. Rad1 Rac8 21. g4 h6 22. Bg3 Nb7 23. Re2 Bxa3 24. Ncxb5 Bxb2 25. Nc7 Red8 26. Nb3 Ba3 27. Red2 Bc6 28. Rxd8+ Nxd8 29. Kf2 Nd5 30. Na5 Nc3 31. Rd3 Bc5+ 32. Kg2 Nxa2 33. Nxa6 Bb6 34. Nc4 Bb5 0-1

[Event "HUN-chT2"]
[Site "Hungary"]
[Date "1996.??.??"]
[Round "?"]
[White "Fordan, Tibor"]
[Black "Kocsis, Levente"]
[Result "0-1"]
[WhiteElo "2225"]
[BlackElo "2315"]
[PlyCount "69"]
[EventDate "1996.??.??"]
[EventType "team"]
[EventRounds "13"]
[EventCountry "HUN"]
[SourceTitle "EXT 2006"]
[Source "ChessBase"]
[SourceDate "2005.11.24"]
[SourceVersion "1"]
[SourceVersionDate "2005.11.24"]
[SourceQuality "1"]

1. d4 Nf6 2. c4 g6 3. Nc3 d5 4. Nf3 Bg7 5. Qb3 dxc4 6. Qxc4 0-0 7. e4 a6 8. Qb3 c5 9. dxc5 Nbd7 10. Qa3 Qc7 11. Be3 Ng4 12. Bg5 b5 13. Rc1 Bb7 14. Bxe7 Rfe8 15. Bd6 Bxc3+ 16. Qxc3 Rxe4+ 17. Be2 Qc6 18. Kf1 Re6 19. h3 Ngf6 20. Bd3 Rc8 21. Re1 Rxe1+ 22. Nxe1 Nd5 23. Be4 Nxc3 24. Bxc6 Rxc6 25. bxc3 Nxc5 26. Be5 Na4 27. Nc2 Nxc3 28. Nb4 Rc4 29. a3 Nb1 30. Ke2 Nxa3 31. Nd3 Bxg2 32. Ra1 Re4+ 33. Kd1 Nc4 34. Bc3 a5 35. Nc5 0-1

[Event "Hajduboszormeny"]
[Site "Hajduboszormeny"]
[Date "1996.??.??"]
[Round "7"]
[White "Gal, Jozsef Istvan"]
[Black "Kocsis, Levente"]
[Result "1-0"]
[WhiteElo "2270"]
[BlackElo "2315"]
[PlyCount "71"]
[EventDate "1996.??.??"]
[EventType "tourn"]
[EventRounds "11"]
[EventCountry "HUN"]
[EventCategory "3"]
[SourceTitle "EXT 2004"]
[Source "ChessBase"]
[SourceDate "2003.11.25"]
[SourceVersion "1"]
[SourceVersionDate "2003.11.25"]
[SourceQuality "1"]

1. e4 c5 2. Nf3 d6 3. d4 cxd4 4. Nxd4 Nf6 5. Nc3 a6 6. Bc4 e6 7. Be3 b5 8. Bd3 Bb7 9. a3 Nbd7 10. f4 Nc5 11. Qf3 Qc7 12. 0-0 g6 13. Rad1 Bg7 14. Bxb5+ axb5 15. Ndxb5 Qc6 16. Nxd6+ Kf8 17. e5 Nd5 18. Nxd5 exd5 19. c4 Na4 20. cxd5 Qa6 21. Qe4 Kg8 22. f5 f6 23. fxg6 fxe5 24. Qf5 hxg6 25. Qf7+ Kh7 26. Rf3 Bc8 27. Nxc8 Qxc8 28. Rc1 Qg4 29. Rc4 Rhf8 30. Rxg4 Rxf7 31. Rxf7 Nxb2 32. Rb4 Nd1 33. Bc5 Kg8 34. Rbb7 Bh6 35. d6 e4 36. Rfe7 1-0

[Event "Hajduboszormeny"]
[Site "Hajduboszormeny"]
[Date "1996.??.??"]
[Round "8"]
[White "Laszlo, Janos"]
[Black "Kocsis, Levente"]
[Result "0-1"]
[WhiteElo "2255"]
[BlackElo "2315"]
[PlyCount "50"]
[EventDate "1996.??.??"]
[EventType "tourn"]
[EventRounds "11"]
[EventCountry "HUN"]
[EventCategory "3"]
[SourceTitle "EXT 2004"]
[Source "ChessBase"]
[SourceDate "2003.11.25"]
[SourceVersion "1"]
[SourceVersionDate "2003.11.25"]
[SourceQuality "1"]

1. e4 c5 2. Nc3 Nc6 3. d3 g6 4. f4 Bg7 5. Nf3 d6 6. Be2 e5 7. 0-0 Nge7 8. Qe1 0-0 9. fxe5 dxe5 10. Qh4 Nd4 11. Bd1 Nec6 12. Bg5 f6 13. Bh6 Be6 14. Kh1 Qd7 15. h3 g5 16. Bxg5 fxg5 17. Qxg5 Rf6 18. Be2 Bxh3 19. Nh4 Qd8 20. Qg3 Rh6 21. gxh3 Nxe2 22. Qxg7+ Kxg7 23. Nf5+ Kg6 24. Rg1+ Nxg1 25. Rxg1+ Qg5 0-1

[Event "Hajduboszormeny"]
[Site "Hajduboszormeny"]
[Date "1996.??.??"]
[Round "10"]
[White "Lengyel, Ferenc"]
[Black "Kocsis, Levente"]
[Result "1/2-1/2"]
[WhiteElo "2295"]
[BlackElo "2315"]
[PlyCount "111"]
[EventDate "1996.??.??"]
[EventType "tourn"]
[EventRounds "11"]
[EventCountry "HUN"]
[EventCategory "3"]
[SourceTitle "EXT 2004"]
[Source "ChessBase"]
[SourceDate "2003.11.25"]
[SourceVersion "1"]
[SourceVersionDate "2003.11.25"]
[SourceQuality "1"]

1. d4 Nf6 2. Nf3 g6 3. g3 d5 4. Bg2 Bg7 5. 0-0 0-0 6. Bf4 Nbd7 7. Nbd2 c5 8. c3 b6 9. Ne5 Bb7 10. Qa4 Qe8 11. Nxd7 Nxd7 12. Bh3 f5 13. Bg2 e5 14. dxe5 Nxe5 15. Qxe8 Rfxe8 16. Rfd1 Nf7 17. Nc4 Rad8 18. h4 Ba6 19. Na3 d4 20. c4 d3 21. exd3 Bxb2 22. Bc6 Rf8 23. Nc2 Bxa1 24. Rxa1 Rxd3 25. Ne3 Rxe3 26. Bxe3 Bxc4 27. Bf4 Rc8 28. Bb7 Rd8 29. a4 Bd5 30. Ba6 Re8 31. Bb5 Re7 32. Rd1 Bf3 33. Rc1 Ne5 34. Re1 Nc6 35. Rxe7 Nxe7 36. Bb8 Bc6 37. Bc4+ Kg7 38. Ba6 Bxa4 39. Bxa7 b5 40. Bxc5 Kf6 41. Bb7 Bc2 42. f3 Ke6 43. Kf2 Nd5 44. Bxd5+ Kxd5 45. Bf8 Bd1 46. Ke3 Kc4 47. f4 Bg4 48. Bg7 Kb3 49. Kd2 b4 50. Bf6 Ka3 51. Be7 Kb3 52. Bf8 Kc4 53. Bg7 Bf3 54. Bf6 Bb7 55. Bg7 Kd5 56. Ke3 1/2-1/2

[Event "ROM-chT"]
[Site "Herculane"]
[Date "1996.??.??"]
[Round "?"]
[White "Popescu, Daniel Dorin"]
[Black "Kocsis, Levente"]
[Result "1/2-1/2"]
[WhiteElo "2370"]
[BlackElo "2340"]
[PlyCount "32"]
[EventDate "1996.??.??"]
[EventType "team"]
[EventRounds "5"]
[EventCountry "ROU"]
[SourceTitle "CBM 056 Extra"]
[Source "ChessBase"]
[SourceDate "1997.03.01"]
[SourceVersion "1"]
[SourceVersionDate "1997.03.01"]
[SourceQuality "1"]

1. e4 c5 2. Nc3 Nc6 3. Nf3 e5 4. Bc4 Be7 5. d3 d6 6. Nd2 Bg5 7. h4 Bh6 8. Qh5 g6 9. Qd1 Nd4 10. Nf1 Bxc1 11. Qxc1 h5 12. a4 Nf6 13. Ne3 0-0 14. Ncd5 Kg7 15. c3 Nc6 16. g3 Nxd5 1/2-1/2

[Event "ROM-chT"]
[Site "Romania"]
[Date "1993.??.??"]
[Round "9"]
[White "Kocsis, Levente"]
[Black "Milu, Romeo Sorin"]
[Result "1-0"]
[WhiteElo "2265"]
[BlackElo "2410"]
[PlyCount "95"]
[EventDate "1993.??.??"]
[EventType "team"]
[EventRounds "9"]
[EventCountry "ROU"]
[SourceTitle "EXT 1998"]
[Source "ChessBase"]
[SourceDate "1997.11.17"]
[SourceVersion "1"]
[SourceVersionDate "1997.11.17"]
[SourceQuality "1"]

1. c4 g6 2. Nf3 Bg7 3. d4 Nf6 4. Nc3 0-0 5. e4 d6 6. Be2 e5 7. 0-0 Nc6 8. d5 Ne7 9. Ne1 Nd7 10. Nd3 f5 11. Bd2 Kh8 12. b4 Nf6 13. f3 f4 14. g4 Ne8 15. Be1 Bf6 16. Bf2 h5 17. h3 Kg7 18. Kg2 Rh8 19. Rh1 Ng8 20. Qe1 Nh6 21. c5 Nf7 22. a4 Ng5 23. a5 Be7 24. Qd1 Nf7 25. cxd6 cxd6 26. Qg1 a6 27. Bb6 Qd7 28. b5 Ng5 29. Nb4 Nf6 30. Qf1 Rf8 31. bxa6 bxa6 32. Nxa6 Nxf3 33. Nc7 Nd2 34. Qd1 f3+ 35. Bxf3 Nxf3 36. Ne6+ Kg8 37. Qxf3 Rf7 38. Ng5 Rf8 39. Ne6 Rf7 40. Raf1 Ba6 41. g5 Bxf1+ 42. Rxf1 Rc8 43. gxf6 Rxf6 44. Qg3 Rxc3 45. Qxc3 Rxf1 46. Qc6 Qxc6 47. dxc6 Rc1 48. c7 1-0

[Event "ROM-chT"]
[Site "Romania"]
[Date "1993.??.??"]
[Round "3"]
[White "Kocsis, Levente"]
[Black "Zetocha, Claudiu"]
[Result "1-0"]
[WhiteElo "2265"]
[BlackElo "2350"]
[PlyCount "73"]
[EventDate "1993.??.??"]
[EventType "team"]
[EventRounds "9"]
[EventCountry "ROU"]
[SourceTitle "EXT 1998"]
[Source "ChessBase"]
[SourceDate "1997.11.17"]
[SourceVersion "1"]
[SourceVersionDate "1997.11.17"]
[SourceQuality "1"]

1. c4 e5 2. Nc3 Nf6 3. Nf3 Nc6 4. e3 Be7 5. d4 exd4 6. Nxd4 0-0 7. Be2 d5 8. Nxc6 bxc6 9. 0-0 Bd6 10. cxd5 cxd5 11. b3 c6 12. Bb2 Re8 13. Rc1 Bd7 14. Bf3 Rb8 15. Na4 Ne4 16. Bd4 Qc7 17. g3 Bh3 18. Bg2 Bxg2 19. Kxg2 Qd7 20. Qh5 Re6 21. Qg4 Bf8 22. Nc5 Nxc5 23. Bxc5 h5 24. Qf5 h4 25. Bxf8 Rxf8 26. Rfd1 Qe7 27. Rd4 Rf6 28. Qh3 hxg3 29. Rh4 Rh6 30. Rxh6 gxh6 31. Qxh6 Qe4+ 32. Kxg3 f5 33. Qg6+ Kh8 34. Qh5+ Kg7 35. Rxc6 f4+ 36. Kh3 fxe3 37. Qh6+ 1-0